| 000 | 00910cam a2200253 a 4500 | ||
|---|---|---|---|
| 999 |
_c129520 _d129520 |
||
| 001 | 1037961 | ||
| 003 | ARRUPE | ||
| 005 | 20190430111512.0 | ||
| 008 | 890811s1989 nyu 000 0 eng | ||
| 010 | _a 89039315 | ||
| 020 | _a0809131226 | ||
| 040 |
_aDLC _cDLC _dDLC |
||
| 050 | 0 | 0 |
_aBV215 _b.M335 1989 |
| 082 | 0 | 0 |
_a248.3/2 _220 |
| 100 | 1 |
_aMaloney, George A., _d1924-2005. _946126 |
|
| 245 | 1 | 0 |
_aWhy not become totally fire? : _bthe power of fiery prayer / _cby George A. Maloney. |
| 260 |
_aNew York : _bPaulist Press, _cc1989. |
||
| 300 |
_a135 p. ; _c21 cm. |
||
| 650 | 0 |
_aPrayer. _946127 |
|
| 650 | 0 |
_aFire _xReligious aspects _xChristianity. _946128 |
|
| 650 | 0 |
_aSpiritual life _xCatholic Church. _946129 |
|
| 906 |
_a7 _bcbc _corignew _d1 _eocip _f19 _gy-gencatlg |
||
| 942 |
_2lcc _cMONOGRAPH |
||